Sports Quiz

Random Sports or NHL Quiz

2009-2010 NHL top 20 goal scorers Quiz Stats

 Plays Quiz not verified by Sporcle

Score 0/20 Timer 04:00
0 Plays Today
Team Player % Correct
Pittsburgh PenguinsSidney Crosby
100%
Washington CapitalsAlexander Ovechkin
100%
Tampa Bay LightningSteven Stamkos
95.6%
Columbus Blue JacketsRick Nash
95.1%
Calgary FlamesJarome Iginla
94.5%
Chicago BlackhawksPatrick Kane
94.5%
Washington CapitalsAlexander Semin
90.7%
San Jose SharksPatrick Marleau
89.6%
New Jersey DevilsIlya Kovalchuk
86.3%
San Jose SharksDany Heatley
86.3%
Team Player % Correct
New York RangersMarian Gaborik
85.8%
New Jersey DevilsZach Parise
84.2%
Philadelphia Flyers Mike Richards
83.6%
Los Angeles KingsAnze Kopitar
83.1%
Washington CapitalsNicklas Backstrom
82%
Philadelphia FlyersJeff Carter
80.3%
Anaheim DucksBobby Ryan
72.1%
Vancouver CanucksAlexandre Burrows
64.5%
Edmonton OilersDustin Penner
51.4%
Carolina HurricanesJussi Jokinen
42.1%

You're not logged in!

Compare scores with friends on all Sporcle quizzes.
OR
Log In

Show Comments

Extras

Created Oct 24, 2010ReportNominate
Tags:NHL Quiz, 2009-2010, goal, player, scorer, team

Top Quizzes Today


Score Distribution

Your Account Isn't Verified!

In order to create a playlist on Sporcle, you need to verify the email address you used during registration. Go to your Sporcle Settings to finish the process.

Report this User

Report this user for behavior that violates our Community Guidelines.

Details: